000 00903nam a2200313 i 4500
003 DO-SdBNP
005 20240612090259.0
007 ta
008 240612b2013 dr ||||| |||| 00| 0 spa d
020 _z9789945468113
040 _aDO-SdBNP
_bspa
_cBNPHU
_erda
082 4 _bN576a
_222
100 1 _aNG, Leibi
_eautora
_923557
245 1 0 _aAgua de sal /
_cLeibi NG ; ilustración de Henry Cid
264 _aSanto Domingo :
_bAlfa y Omega,
_c2013.
300 _a29 páginas :
_bilustraciones ;
_c24 cm.
336 _2rdacontent
_atexto
_btxt
337 _2rdamedia
_asin mediación
_bn
338 _2rdacarrier
_avolumen
_bnc
590 _aInventariado, 2024/DG
600 _923557
650 _9223
650 _967
700 _984882
700 1 _aVicente, María del Carmen,
_ecorrección
_957201
700 1 _aLiz Rodríguez, Apolinar,
_ecorrección
_984877
910 _aDG
942 _2ddc
_cLF2
999 _c56817
_d56817